000 00365nam a2200145Ia 4500
008 220120s9999||||xx |||||||||||||| ||und||
020 _a9788131797310
082 _a621.382 2 KUM
100 _aKumar, Uday, S
245 0 _aSignals and sy ems
250 _a6th
260 _aPrism book
_bNew Delhi
_c2012
300 _aXXX, 655p.
_b499
650 _aCOMPUTER SCIENCE
999 _c132764
_d132764